[Event "Manila zt 3.2a playoff g25'/10"]
[Site "Manila"]
[Date "2001.04.26"]
[Round "4"]
[White "Dao, Thien Hai"]
[Black "Adianto, Utut"]
[Result "1/2-1/2"]
[WhiteElo "2564"]
[BlackElo "2589"]
[Annotator "Hecht,H"]
[PlyCount "111"]
[EventDate "2001.04.24"]
[EventType "match"]
[EventRounds "4"]
[EventCountry "PHI"]
[SourceTitle "CBM 083"]
[Source "ChessBase"]
[SourceDate "2001.07.05"]
[SourceVersion "1"]
[SourceVersionDate "2001.07.05"]
[SourceQuality "1"]

1. d4 Nf6 2. c4 e6 3. Nc3 Bb4 4. Qc2 O-O 5. a3 Bxc3+ 6. Qxc3 b6 7. Bg5 Bb7 8.
e3 d6 9. f3 Nbd7 10. Bd3 c5 11. Ne2 h6 12. Bh4 Rc8 13. Qb3 d5 14. cxd5 Bxd5 15.
Qd1 cxd4 16. exd4 Bc4 17. O-O Bxd3 18. Qxd3 Ne5 19. Qb3 Ng6 20. Bg3 Nd5 21.
Rac1 Qg5 22. Qd3 Rxc1 23. Rxc1 h5 24. Rf1 h4 25. f4 Qf6 26. Be1 Ngxf4 27. Nxf4
Nxf4 28. Qf3 Qxd4+ 29. Bf2 Qc4 30. Bxh4 Nxg2 31. Be7 Nh4 32. Qf2 Qg4+ 33. Kh1
Qe4+ 34. Kg1 f5 35. Qxh4 Qxh4 36. Bxh4 Rc8 37. Bg3 Rc5 38. Rd1 Kf7 39. Rd7+ Kf6
40. Be1 Rc1 41. Kf2 e5 42. Bc3 Rc2+ 43. Kg1 Re2 44. Rxa7 g5 45. Rb7 f4 46.
Rxb6+ Kf5 47. Rb5 g4 48. Bxe5 Rxe5 49. Rxe5+ Kxe5 {[#] Weiß versäumt den
Gewinn mittels Umgehung} 50. Kf2 Kd4 51. b4 Kc4 52. Kg2 (52. Ke2 $142) 52...
Kd3 53. Kf2 Kc4 54. Ke2 $1 Kb5 55. Kf2 (55. Kd3 $1 f3 56. Ke3 Kc4 57. Kf2 Kd4
58. h3 gxh3 59. Kxf3 $18) 55... Kc4 56. Kg2 $18 {Rapidschach - fehlende Zeit.}
1/2-1/2

[Event "Enghien les Bains 3rd"]
[Site "Enghien les Bains"]
[Date "1999.03.06"]
[Round "4"]
[White "Beliavsky, Alexander G"]
[Black "Lautier, Joel"]
[Result "1/2-1/2"]
[WhiteElo "2650"]
[BlackElo "2596"]
[Annotator "Hecht,H"]
[PlyCount "162"]
[EventDate "1999.03.03"]
[EventType "tourn"]
[EventRounds "9"]
[EventCountry "FRA"]
[EventCategory "15"]
[SourceTitle "CBM 070"]
[Source "ChessBase"]
[SourceDate "1999.06.08"]
[SourceVersion "1"]
[SourceVersionDate "1999.06.08"]
[SourceQuality "1"]

1. d4 Nf6 2. c4 e6 3. Nc3 Bb4 4. Qc2 O-O 5. a3 Bxc3+ 6. Qxc3 b6 7. Bg5 Bb7 8.
f3 h6 9. Bh4 d5 10. cxd5 exd5 11. e3 Re8 12. Bf2 c5 13. Bb5 cxd4 14. Qxd4 Bc6
15. Bd3 Nbd7 16. Ne2 Nc5 17. Bc2 Bb5 18. Nc3 Bc4 19. O-O-O Nb3+ 20. Bxb3 Bxb3
21. Rd2 Nd7 22. Kb1 Nc5 23. Nxd5 Qg5 24. e4 Bxd5 25. Qxd5 Qxg2 26. Rg1 Qxf3 27.
Bxc5 bxc5 28. Rdg2 Qxe4+ 29. Qxe4 Rxe4 30. Rxg7+ Kh8 31. Rxf7 Re2 32. Rb7 Rxh2
33. Rg6 Rg8 34. Rxg8+ Kxg8 35. Rxa7 {[#] Mit dem horizontal abgesperrten König
und dem schwächlichen Bc5 hat Schwarz Probleme. Doch da ist noch der
h-Freibauer...} Kf8 36. Rc7 Rh5 37. Kc2 Ke8 38. Kc3 Kd8 39. Rf7 Kc8 40. Kc4 Rh2
41. b3 Rc2+ 42. Kd3 Rc1 43. a4 {[#] Schwarz löst das Problem in das
Remisendspiel T+c+a vs T auf, bei dem sogar der h-Bauer überflüssig ist.} c4+
44. bxc4 Ra1 45. Ra7 Kb8 46. Ra5 Kb7 47. Kc3 Kb6 48. Rb5+ Ka6 49. Kb4 Rb1+ 50.
Kc5 Ra1 51. Rb6+ Ka7 52. Rb4 Rg1 53. Rb3 Rg5+ 54. Kb4 Kb6 55. Rf3 Rg6 56. Rf5
Re6 57. Rd5 Rg6 58. Rh5 Rf6 59. Rh1 Rg6 60. a5+ Ka6 61. Rh4 Rf6 62. Rd4 h5 63.
c5 Rf1 (63... Rh6 $2 64. Rd6+ Rxd6 65. cxd6 Kb7 66. a6+ $18) 64. Rd6+ Kb7 65.
Rb6+ Kc7 66. Rh6 Rb1+ 67. Kc4 Rc1+ 68. Kb5 Rb1+ 69. Ka6 Ra1 70. Rh8 h4 71. Rxh4
Kc6 72. Rc4 Ra3 73. Rc1 Ra2 74. Rc3 Ra4 75. Rc1 Ra2 76. Rb1 Kxc5 77. Rc1+ Kd6
78. Kb5 Rb2+ 79. Ka4 Ra2+ 80. Kb4 Rb2+ 81. Ka3 Rb5 1/2-1/2

[Event "Nordic-ch VISA"]
[Site "Reykjavik"]
[Date "1997.10.22"]
[Round "13"]
[White "Schandorff, Lars"]
[Black "Stefansson, Hannes"]
[Result "1-0"]
[WhiteElo "2505"]
[BlackElo "2545"]
[Annotator "Hecht,H"]
[PlyCount "97"]
[EventDate "1997.10.08"]
[EventType "tourn"]
[EventRounds "13"]
[EventCountry "ISL"]
[EventCategory "10"]
[SourceTitle "CBM 062"]
[Source "ChessBase"]
[SourceDate "1998.01.31"]
[SourceVersion "1"]
[SourceVersionDate "1998.01.31"]
[SourceQuality "1"]

1. d4 Nf6 2. c4 e6 3. Nc3 Bb4 4. Qc2 O-O 5. a3 Bxc3+ 6. Qxc3 b6 7. Bg5 c5 8.
dxc5 bxc5 9. e3 d6 10. O-O-O Ne4 11. Qd3 Nxf2 12. Bxd8 Nxd3+ 13. Bxd3 Rxd8 14.
Be4 d5 15. cxd5 f5 16. Bf3 e5 17. e4 Nd7 18. exf5 Nf6 19. g4 Bb7 20. Nh3 Bxd5
21. Bxd5+ Rxd5 22. Rxd5 Nxd5 23. Re1 Re8 24. Nf2 g6 25. Ne4 gxf5 26. gxf5 Rf8
27. Ng3 Nf4 28. Kc2 Rf6 29. Rxe5 Rh6 30. Nf1 c4 31. Re4 Nd5 32. Rxc4 Rh5 33.
Kd3 Rxf5 34. Ne3 Nxe3 35. Kxe3 {[#] Neben der Bedrohung des Ba7 besitzt Weiß
noch die startegische Drohung, den schwarzen König vom Damenflügel mittels Tf4
(später Td4, um den eigenen König zum Damenflügel zu bringen) abzusperren.
Gegen letzteren Plan ist Schwarz hilflos, so daß die weiße Bauernmehrheit am
Damenflügel entscheidet.} a5 36. Rg4+ Kh8 (36... Kf7 37. Rf4 $18) 37. h4 h5 38.
Rf4 Rd5 39. b4 axb4 40. axb4 Kg7 41. Ke4 Rd2 42. Ke5 Rd1 43. Rd4 Rb1 44. Kd6
Kf7 45. Kc6 Rc1+ 46. Kd7 Kf6 {[%cal Rf6e5]} 47. Kd6 $1 Kf5 (47... Rb1 48. Kc5
Ke5 (48... Rc1+ 49. Rc4 Rb1 50. b5 Ke7 51. Kc6 $18 {[%cal Rb5b6,Rc4c5,Rc5h5]})
49. Rd5+ $18) 48. b5 Rb1 49. Kc5 1-0

[Event "Selfoss Milk Masters 1st"]
[Site "Selfoss"]
[Date "2002.10.14"]
[Round "7"]
[White "Sokolov, Ivan"]
[Black "Olafsson, Helgi"]
[Result "0-1"]
[WhiteElo "2684"]
[BlackElo "2476"]
[Annotator "Hecht,H"]
[PlyCount "102"]
[EventDate "2002.10.08"]
[EventType "tourn"]
[EventRounds "9"]
[EventCountry "ISL"]
[EventCategory "12"]
[SourceTitle "CBM 092"]
[Source "ChessBase"]
[SourceDate "2003.02.06"]
[SourceVersion "1"]
[SourceVersionDate "2003.02.06"]
[SourceQuality "1"]

1. d4 Nf6 2. c4 e6 3. Nc3 Bb4 4. Qc2 O-O 5. a3 Bxc3+ 6. Qxc3 b6 7. Bg5 Bb7 8.
e3 d6 9. f3 c5 10. dxc5 dxc5 11. Bd3 Nbd7 12. Rd1 h6 13. Bf4 e5 14. Bg3 e4 15.
Bc2 exf3 16. gxf3 Re8 17. e4 Qe7 18. Bd6 Qe6 19. Ne2 Bxe4 20. Nf4 Bxc2+ 21.
Nxe6 Rxe6+ 22. Kf2 Bxd1 23. Rxd1 Rae8 24. Rd2 Ne5 25. Bxe5 Rxe5 26. Rd8 Re2+
27. Kf1 Rxd8 28. Kxe2 a5 29. Qb3 Rd6 30. Qb5 g5 31. Qa6 Nh5 32. Qc8+ Kg7 33.
Qc7 Nf4+ 34. Kf1 Rf6 {[%csl Rf3]} 35. h4 g4 36. Kg1 gxf3 37. Kf1 f2 38. Qe5 (
38. Qb8 $142) 38... Ng6 39. Qg3 h5 40. Qg5 (40. a4 $142) 40... Rf4 41. b3 Rxh4
42. Qd8 (42. Kxf2 Rh3 {[%csl Rb3]}) 42... Rf4 (42... a4 $5) 43. Qxb6 Rf5 44.
Qxa5 Ne5 45. Qxc5 Kg6 $2 (45... Ng4 $19 {[%csl Gf5][%cal Rg4h2,Rg4e3]}) 46.
Qd6+ f6 47. b4 Ng4 48. Qg3 Kg5 49. b5 h4 50. Qh3 Re5 51. Qc3 h3 0-1

[Event "Asia-ch"]
[Site "Kolkata"]
[Date "2001.08.16"]
[Round "10"]
[White "Hoang, Thanh Trang"]
[Black "Ghorbani, Mohsen"]
[Result "1-0"]
[WhiteElo "2445"]
[BlackElo "2334"]
[Annotator "Hecht,H"]
[PlyCount "135"]
[EventDate "2001.08.09"]
[EventType "swiss"]
[EventRounds "11"]
[EventCountry "IND"]
[SourceTitle "CBM 085"]
[Source "ChessBase"]
[SourceDate "2001.11.13"]
[SourceVersion "1"]
[SourceVersionDate "2001.11.13"]
[SourceQuality "1"]

1. d4 Nf6 2. c4 e6 3. Nc3 Bb4 4. Qc2 O-O 5. a3 Bxc3+ 6. Qxc3 b6 7. Bg5 Bb7 8.
Nf3 d6 9. e3 Nbd7 10. Nd2 c5 11. f3 Rc8 12. dxc5 bxc5 13. Bd3 h6 14. Bh4 Qb6
15. O-O d5 16. Bf2 a5 17. Rfd1 Bc6 18. Rab1 a4 19. Nf1 Rb8 20. Bc2 Qa6 21. cxd5
exd5 22. Ng3 g6 23. Nh1 Bb5 24. Bh4 Bc4 25. Nf2 Bb3 26. Nd3 Bxc2 27. Qxc2 g5
28. Be1 Rbc8 29. Bc3 d4 30. exd4 Nd5 31. dxc5 Ne3 32. Qf2 Nxd1 33. Rxd1 Qc4 34.
Nb4 Rfd8 35. c6 Ne5 36. Rxd8+ Rxd8 37. Qb6 Rd1+ 38. Kf2 Ng4+ 39. fxg4 Qf4+ 40.
Ke2 Qf1+ 41. Ke3 Qf4+ 42. Ke2 Qxg4+ 43. Kf2 Qf4+ 44. Ke2 Qf1+ 45. Ke3 Qg1+ 46.
Ke2 Qxb6 47. Kxd1 {[#] Eigentlich sollte Schwarz beginnend mit Dg1+ oder f5
mittelfristig gewinnen - doch es kommt ganz anders.} Kf8 48. Kd2 Ke8 49. Kd3
Qb5+ 50. Ke3 Kd8 51. Bf6+ Kc8 52. Kd4 Qf1 53. Nd5 Qf2+ 54. Kc4 Qxg2 55. Kc5
Qxh2 56. Nb6+ Kc7 57. Nc4 {Irgendwie hat Schwarz das Endspiel vermurkst.
Jedenfalls kommen wir nun zum Thema:} g4 58. Be5+ Qxe5+ 59. Nxe5 {[#]
Technisches Endspiel, das infolge Zuzwang leicht für Weiß gewonnen ist !?} f5
$2 {Aber nur nach diesem Fehler!} ({Um den Springer zu binden muss sofort der
g-Bauer losrennen} 59... g3 60. Nf3 g2 61. Ng1 h5 62. Kd5 h4 63. Kc5 f5 64. Kd5
f4 65. Ke4 Kxc6 66. Kxf4 Kd5 67. Kf3 Kc4 68. Kxg2 Kb3 $11) 60. Ng6 $1 g3 61.
Nf4 h5 62. Ng2 $22 f4 (62... Kc8 63. Kd6 Kd8 64. c7+ Kc8 65. Kc6 h4 66. Nxh4 g2
67. Nxf5 g1=Q 68. Nd6#) 63. Nxf4 h4 64. Nh3 g2 {nun zu spät} 65. Ng1 Kc8 66.
Kb6 Kb8 67. c7+ Kc8 68. Nh3 1-0

[Event "ISL-ISR"]
[Site "Reykjavik"]
[Date "1996.??.??"]
[Round "1"]
[White "Alterman, Boris"]
[Black "Stefansson, Hannes"]
[Result "0-1"]
[WhiteElo "2585"]
[BlackElo "2540"]
[Annotator "Hecht,H"]
[PlyCount "152"]
[EventDate "1996.04.??"]
[EventType "team"]
[EventRounds "2"]
[EventCountry "ISL"]
[SourceTitle "CBM 053"]
[Source "ChessBase"]
[SourceDate "1996.08.01"]
[SourceVersion "1"]
[SourceVersionDate "1996.08.01"]
[SourceQuality "1"]

1. d4 Nf6 2. c4 e6 3. Nc3 Bb4 4. Qc2 O-O 5. a3 Bxc3+ 6. Qxc3 b6 7. Bg5 c5 8.
dxc5 bxc5 9. e3 h6 10. Bh4 d6 11. Bd3 Nbd7 12. Ne2 Rb8 13. f3 Re8 14. O-O Qb6
15. Rab1 Ba6 16. Rfd1 d5 17. b3 e5 18. Bf2 e4 19. fxe4 dxc4 20. bxc4 Qc6 21.
Rxb8 Rxb8 22. Ng3 Re8 23. Nf5 Ne5 24. Bg3 Nxd3 25. Rxd3 Bb7 26. Rd5 Qb6 27. Rd1
Bxe4 28. Nd6 Rd8 29. Qe1 Qb3 30. Rd2 Bd3 31. Qd1 Bxc4 32. Qxb3 Bxb3 33. Ne4
Rxd2 34. Nxd2 Bd5 35. Bd6 Nd7 36. e4 Bc6 37. Kf2 f6 38. Nb3 c4 39. Na5 Bxe4 40.
Nxc4 Kf7 41. Ne3 Ke6 42. Bb4 f5 43. Bc3 Ne5 44. g3 g5 45. h3 h5 46. Bd4 a6 47.
Bb6 Nd3+ 48. Kg1 Ne5 49. Kf2 f4 50. gxf4 gxf4 51. Nd1 Nc4 52. Bc5 Ke5 53. Nc3
Bf5 54. Kg2 Bd7 55. h4 Bc6+ 56. Kf2 Kf5 57. Ne2 Kg4 58. Be7 Ne5 59. Nd4 Bd5 60.
Bd6 Ng6 61. Nc2 Nxh4 62. Nb4 Bc4 63. Nc6 Kf5 64. Ne5 Bd5 65. Be7 Ng2 66. Nd3 h4
67. Kg1 Be4 68. Bd6 Bxd3 69. Kxg2 {[#] ungleiche L, keine Blockade der weit
vorgerückten Bauern f+h möglich, Taktik+Technik, falscher a-Randbauer ohne
Bedeutung} Bb5 70. Kh3 (70. Bc7 Kg4 71. Bd6 Bc6+ 72. Kh2 (72. Kf2 h3 73. Kg1
Kg3 $19) 72... h3 73. Bc5 Bd7 74. Be7 Kf3 75. Bg5 Ke4 76. Kg1 f3 77. Bh4 Ke3
78. Bg3 Ke2 $19) 70... Kg5 71. Be7+ (71. Bxf4+ Kxf4 72. Kxh4 a5 $19 {xa3; der
wK kommt nicht nach a1}) 71... Kh5 72. Bc5 (72. Bxh4 Bd7+ $19) 72... Bd7+ 73.
Kg2 h3+ 74. Kf1 Kg4 75. Kg1 Kg3 76. Bf2+ Kf3 0-1

[Event "Bundesliga 0203"]
[Site "Germany"]
[Date "2003.02.08"]
[Round "10.6"]
[White "Duppel, Matthias"]
[Black "Volke, Karsten"]
[Result "0-1"]
[WhiteElo "2440"]
[BlackElo "2457"]
[Annotator "Hecht,H"]
[PlyCount "124"]
[EventDate "2002.10.19"]
[EventType "team-tourn"]
[EventRounds "15"]
[EventCountry "GER"]
[SourceTitle "CBM 094"]
[Source "ChessBase"]
[SourceDate "2003.05.26"]
[SourceVersion "1"]
[SourceVersionDate "2003.05.26"]
[SourceQuality "1"]
[WhiteTeam "Stuttgart"]
[BlackTeam "Kreuzberg"]
[WhiteTeamCountry "GER"]
[BlackTeamCountry "GER"]

1. d4 Nf6 2. c4 e6 3. Nc3 Bb4 4. Qc2 O-O 5. a3 Bxc3+ 6. Qxc3 b5 7. cxb5 c6 8.
f3 Nd5 9. Qd3 f5 10. e4 Nc7 11. a4 Bb7 12. e5 cxb5 13. axb5 a6 14. Nh3 Nxb5 15.
Bg5 Qb6 16. Be7 Rc8 17. Bc5 Rxc5 18. dxc5 Qxc5 19. Be2 Nd4 20. Rd1 Nbc6 21. Rd2
Rc8 22. Bd1 Qxe5+ 23. Kf2 Qc5 24. Qe3 e5 25. Re1 f4 26. Qc3 Qb6 27. Kf1 Na5 28.
Qd3 Nc4 29. Rf2 h6 30. b3 Ne3+ 31. Kg1 Rc1 32. Qd2 Rb1 33. Kh1 a5 34. Ng1 Qb4
35. Qxb4 axb4 36. Rd2 Bc6 37. Nh3 g5 38. Nf2 Kg7 39. Nd3 Kf6 40. Kg1 Nxb3 41.
Bxb3 Rxb3 42. Nc5 Rc3 43. Nxd7+ Bxd7 44. Rxd7 b3 45. Rd6+ Ke7 46. Rb6 Nc4 47.
Rb8 b2 48. Kf2 Kd6 49. Re2 Kc5 50. Rbxb2 Nxb2 51. Rxb2 {Bauern auf einem
Flügel "3-4" bei ordentlichem Raumvorteil, was zum Materialvorteil noch einen
Postionsvorteil sichert.} Kd4 52. Rd2+ Rd3 53. Re2 h5 54. h3 Kd5 (54... g4 55.
hxg4 hxg4 56. fxg4 e4 57. Ra2 Rg3 58. Ra4+ Kd3 59. Ra3+ Kd2 60. Ra2+ Kd1 $1 (
60... Kc1 61. Ra4 e3+ 62. Ke1 $1 Rxg4 63. g3 $1 $11) 61. Ra1+ Kc2 62. Ra4 e3+
63. Ke1 Rxg4 64. g3 Rxg3 65. Rxf4 Kd3 $19 {Macht den Unterschied zwischen 60...
.Kd1! und 60....Kc1? klar.}) 55. Ra2 Rb3 56. Ra5+ (56. Ra8 {wäre die logische
Verteidigung, um zusätzlich zu den Schachs von hinten oder von der Seite auch
noch den Angriff auf die Bauern g5 oder h5 zu haben.} {Der Versuch} g4 57. hxg4
hxg4 58. fxg4 e4 59. Rd8+ (59. Rf8 Rb2+ 60. Kf1 Kd4 61. Rxf4 Kd3 62. Rf8 Rb1+
63. Kf2 e3+ 64. Kg3 e2 {geht allerdings zugunsten von Schwarz aus.}) 59... Ke5
60. Re8+ Kd4 61. Rd8+ Kc3 62. Rc8+ Kd2 63. Rd8+ Rd3 64. Re8 {sieht deshalb am
besten aus, weils sich die schwarzen Figuren gegenseitig behindern.}) 56... Kd4
57. Ra4+ Kd3 58. Re4 $6 {scheitert in Verbindung mit dem nächsten Zug an einer
taktischen Feinheit. Grund: der Turm steht im Schlagbereich des schwarzen
Königs.} (58. Ra8 $1 {kennen wir schon.}) 58... Rb2+ 59. Kf1 (59. Kg1 $8 Rb1+
60. Kh2 $8 Rb5 61. Ra4 {musste versucht werden.}) 59... Rb1+ 60. Kf2 g4 61.
hxg4 hxg4 62. Rxe5 {einsichtig und humorvoll} (62. g3 Rb2+ 63. Kf1 gxf3 64.
Rxe5 fxg3 $19) 62... g3# 0-1

[Event "RUS-ch U18"]
[Site "Moscow"]
[Date "1995.??.??"]
[Round "10"]
[White "Kiriakov, Petr"]
[Black "Shariyazdanov, Andrey"]
[Result "1-0"]
[WhiteElo "2480"]
[BlackElo "2460"]
[Annotator "Hecht,H"]
[PlyCount "123"]
[EventDate "1995.??.??"]
[EventType "tourn"]
[EventRounds "11"]
[EventCountry "RUS"]
[EventCategory "8"]
[SourceTitle "CBM 046"]
[Source "ChessBase"]
[SourceDate "1995.06.01"]
[SourceVersion "1"]
[SourceVersionDate "1995.06.01"]
[SourceQuality "1"]

1. d4 Nf6 2. c4 e6 3. Nc3 Bb4 4. Qc2 O-O 5. a3 Bxc3+ 6. Qxc3 b6 7. Bg5 Bb7 8.
Nh3 h6 9. Bh4 d5 10. cxd5 exd5 11. e3 c5 12. Bd3 Nc6 13. dxc5 d4 14. Qc2 Ne5
15. O-O g5 16. Bg3 Nxd3 17. Qxd3 Qd5 18. f3 bxc5 19. Rfe1 Rfe8 20. Nf2 Qe6 21.
e4 Red8 22. Qb5 Qb6 23. a4 Ba6 24. Qxb6 axb6 25. Bc7 Rdc8 26. Bxb6 Rab8 27. a5
Nd7 28. b4 Nxb6 29. axb6 Rxb6 30. bxc5 Rxc5 31. Red1 Rc4 32. Rd2 Rcb4 33. Rad1
Rb1 34. Ng4 Rxd1+ 35. Rxd1 d3 36. Rd2 Kg7 37. Kf2 Rb3 38. Ke3 h5 39. Nf2 h4 40.
g3 hxg3 41. hxg3 Rb1 42. Nxd3 Bxd3 43. Rxd3 {Ein wichtiger Faktor ist der
schwache Pg5.} Rb2 (43... f6 $1 $14) 44. e5 Rb4 $6 (44... f6 $5 45. Rd7+ Kg6
46. Rd6 Kf5 47. exf6 (47. Rxf6+ Kxe5 48. Rf8 Rb3+ 49. Kf2 Rb2+ 50. Kg1 g4 $14)
47... Kg6 (47... Rb3+ 48. Rd3 Rxd3+ (48... Rb7 49. Rd6 Rb3+ 50. Kd4 Rxf3 51. f7
Kg4 52. Rd7 Kxg3 53. Ke5 g4 (53... Kg2 54. Rd2+ Kg1 55. Ke6 g4 $10) 54. Rd3 Kg2
55. Rxf3 gxf3 56. f8=Q f2 57. Qg7+ Kh1 58. Qh6+ Kg2 59. Qg5+ Kh1 60. Qc1+ Kg2
61. Qd2 Kh1 62. Kf4 f1=Q+ 63. Kg3 Qg1+ 64. Kh3 Qe3+ $10) 49. Kxd3 Kxf6 50. Ke4
Ke6 51. g4 $18) 48. Ke4 Re2+ 49. Kd5 Re3 $10) 45. Rd7 Kf8 (45... Kg6 46. g4 Ra4
47. Rd4 Ra3+ 48. Ke4 Rb3 49. Rd6+ Kg7 50. Rd3 Rb5 51. Kf5 Ra5 52. Rd7 $18) 46.
g4 Ra4 47. Rd4 Ra5 48. Ke4 Ke7 49. Rb4 Ra3 50. Rb7+ Ke8 51. Rb8+ Ke7 52. Rb4
Ra5 (52... Rc3 53. Rb7+ Ke6 54. Rb6+ Ke7 55. Rf6 Ra3 56. Rf5 Ra4+ 57. Ke3 Ra3+
58. Kf2 Ra2+ 59. Kg3 $18) 53. Rb3 Kf8 54. Kf5 Kg7 55. Rd3 Rb5 56. Rd7 Ra5 57.
Re7 Kf8 (57... Ra3 58. Kxg5 Rxf3 59. e6 Kf8 60. Rxf7+ Rxf7 61. exf7 Kxf7 62.
Kh6 Kg8 63. Kg6 $18) 58. Kf6 Ra6+ 59. e6 fxe6 60. Rxe6 Ra5 (60... Ra3 61. Kxg5
Rxf3 62. Rf6+ Rxf6 63. Kxf6 $18) 61. Re5 Ra3 62. Rf5 (62. Kxg5 Rxf3 63. Rf5+
Rxf5+ 64. Kxf5 Kf7 $10) 1-0

[Event "Verbandsliga Sued Baden 0506"]
[Site "Germany"]
[Date "2006.04.09"]
[Round "8.1"]
[White "Buss, Ralph"]
[Black "Siegel, Georg"]
[Result "1-0"]
[WhiteElo "2350"]
[BlackElo "2316"]
[Annotator "Herbrechtsmeier,C"]
[PlyCount "75"]
[EventDate "2005.10.16"]
[EventType "team"]
[EventRounds "9"]
[EventCountry "GER"]
[SourceTitle "EXT 2007"]
[Source "ChessBase"]
[SourceDate "2006.11.23"]
[SourceVersion "1"]
[SourceVersionDate "2006.11.23"]
[SourceQuality "1"]
[WhiteTeam "Horben"]
[BlackTeam "Zaehringen"]
[WhiteTeamCountry "GER"]
[BlackTeamCountry "GER"]

1. d4 Nf6 2. c4 e6 3. Nc3 Bb4 4. Qc2 O-O 5. a3 Bxc3+ 6. Qxc3 b6 7. Nf3 Ne4 8.
Qc2 Bb7 9. e3 d6 10. Be2 Nd7 11. O-O f5 12. b4 Rf6 {Hauptvariante! Df6 oder a5
sind Alternativen.} 13. d5 e5 $6 {13...Tg6 14.Sd4! bzw. 13...exd5 wurden
einige Male gespielt, aber mit wenig Erfolg.} 14. Nh4 $1 (14. Nd2 Nxd2 $2 (
14... Rh6) 15. Bxd2 c5 16. f4 Qf8 17. Bc3 cxb4 18. axb4 {1-0 Schandorff,L 
(2485)-Christensen,T (2405)/Copenhagen 1996 (48)}) 14... g6 15. f3 Ng5 16. f4
Ne4 17. Bb2 c6 (17... Qe7 18. Nf3 Rff8 {0-1 Yakovich,Y (2560)-Vijayalakshmi,S 
(2414)/Paris FRA 2005 (43)} 19. Rad1) 18. dxc6 Bxc6 19. Nf3 Qe7 20. Rad1 Re8
21. Rfe1 Rff8 22. c5 $2 {Vergibt den Vorteil, besser 22.Db3.} bxc5 23. fxe5
Nxe5 24. bxc5 Nxf3+ 25. gxf3 $2 {Schwaecht die Koenigstellung.} Qg5+ 26. Kf1 d5
27. Qd3 $2 (27. Ba1 Qxe3 28. Bd4 Qg5) 27... f4 $2 ({Es gewinnt} 27... Qh4 28.
Kg2 Qf2+ 29. Kh1 Qxe1+ $1 30. Rxe1 Nf2+ 31. Kg2 Nxd3 32. Bxd3 Rb8) 28. Qd4 Rf6
$4 (28... Qh6 {war erzwungen:} 29. fxe4 f3 30. Qh8+ Kf7 31. Qf6+ Kg8 32. Qh8+ {
mit einem Dauerschach}) 29. exf4 Qxf4 30. Kg1 Qg5+ 31. Kh1 Ng3+ 32. hxg3 Qxg3
33. Qg1 Qh3+ 34. Qh2 Qxh2+ 35. Kxh2 Rfe6 36. Rd2 a6 37. Kg3 R8e7 38. Kf2 1-0